000 00698nam a2200289Ia 4500
005 20260324130634.0
008 008 260324s9999 xx 000 0 eng d
020 _a9780203934463
037 _aEBOOK
040 _aCRL
040 _beng
040 _cCRL
041 _2eng
041 _aeng
084 _qCRL
100 _aGlynis Hannell
_91165451
245 0 _aSuccess with Inclusion
245 0 _b1001 Teaching Strategies and Activities that Really Work
260 _bTaylor and Francis
260 _c2007
365 _a
365 _b205
856 _uhttp://www.taylorfrancis.com/books/9780203934463
942 _cEBOOK
999 _c1778878
_d1778878